ბათუმის შოთა რუსთაველის სახელმწიფო უნივერსიტეტის ბიბლიოთეკა

Общие теоретические проблемы биологической продуктивности (ბიბ.ჩანაწერი № 45062)

000 -LEADER
fixed length control field 00670nam a2200205Ia 4500
001 - CONTROL NUMBER
control field 11885
003 - CONTROL NUMBER IDENTIFIER
control field GE_BSU
008 - FIXED-LENGTH DATA ELEMENTS--GENERAL INFORMATION
fixed length control field 181216s||||||||xx |||||||||||||| ||und||
040 ## - CATALOGING SOURCE
Transcribing agency GE_BSU
080 ## - UNIVERSAL DECIMAL CLASSIFICATION NUMBER
Universal Decimal Classification number 57
245 ## - TITLE STATEMENT
Title Общие теоретические проблемы биологической продуктивности
245 ## - TITLE STATEMENT
Statement of responsibility, etc. Художн.М.И.Разулевич
260 ## - PUBLICATION, DISTRIBUTION, ETC.
Place of publication, distribution, etc. Ленинград
260 ## - PUBLICATION, DISTRIBUTION, ETC.
Name of publisher, distributor, etc. Наука
260 ## - PUBLICATION, DISTRIBUTION, ETC.
Date of publication, distribution, etc. 1969
300 ## - PHYSICAL DESCRIPTION
Extent 189ст.27см.
653 ## - INDEX TERM--UNCONTROLLED
Uncontrolled term Общие теоретические проблемы биологической продуктивности
653 ## - INDEX TERM--UNCONTROLLED
Uncontrolled term ბიოლოგია
942 ## - ADDED ENTRY ELEMENTS (KOHA)
Koha item type წიგნი
ეგზემპლარები
Withdrawn status Lost status Damaged status Not for loan Date acquired Barcode Date last seen Price effective from Koha item type
        2018-12-17 20458 2018-12-17 2018-12-17 წიგნი